[Event "Olomouc Chess Summer 2022 - D"]
[Site "Olomouc (CZE), Hotel Flora"]
[Date "2022.08.13"]
[Round "1"]
[Board "2"]
[White "Klimes, Jiri"]
[Black "Stigar, Petter"]
[Result "0-1"]
[WhiteElo "1764"]
[BlackElo "2212"]
[PlyCount "0"]
[EventDate "2022.08.13"]
[EventRounds "9"]
[EventCountry "CZE"]

1. e4 {[%clk 1:31:00]} e6 {[%clk 1:30:28]} 2. d4 {[%clk 1:31:24]} d5
{[%clk 1:30:49]} 3. exd5 {[%clk 1:31:38]} exd5 {[%clk 1:31:10]} 4. Nf3
{[%clk 1:31:46]} Bd6 {[%clk 1:31:24]} 5. Bd3 {[%clk 1:31:16]} Ne7
{[%clk 1:31:26]} 6. O-O {[%clk 1:28:46]} Nbc6 {[%clk 1:30:46]} 7. Be3
{[%clk 1:27:25]} Bg4 {[%clk 1:27:02]} 8. h3 {[%clk 1:27:03]} Bh5 {[%clk 1:26:19]}
9. Nbd2 {[%clk 1:27:17]} Nb4 {[%clk 1:18:21]} 10. g4 {[%clk 1:23:41]} Nxd3
{[%clk 1:15:22]} 11. cxd3 {[%clk 1:22:50]} Bg6 {[%clk 1:15:39]} 12. Nb3
{[%clk 1:19:29]} h5 {[%clk 1:11:32]} 13. Ne5 {[%clk 1:16:01]} hxg4
{[%clk 1:07:42]} 14. Nc5 {[%clk 1:12:23]} Bxe5 {[%clk 1:02:41]} 15. dxe5
{[%clk 1:11:32]} b6 {[%clk 1:00:48]} 16. Qa4+ {[%clk 1:08:18]} Kf8
{[%clk 0:56:19]} 17. Nd7+ {[%clk 1:06:21]} Kg8 {[%clk 0:56:35]} 18. Bg5
{[%clk 0:50:42]} Bf5 {[%clk 0:45:56]} 19. Bxe7 {[%clk 0:42:32]} Qxe7
{[%clk 0:42:28]} 20. e6 {[%clk 0:39:43]} Qxe6 {[%clk 0:38:55]} 21. Ne5
{[%clk 0:34:09]} Qxe5 {[%clk 0:37:45]} 22. Rfe1 Qd6  0-1

[Event "Olomouc Chess Summer 2022 - D"]
[Site "Olomouc (CZE), Hotel Flora"]
[Date "2022.08.13"]
[Round "1"]
[Board "3"]
[White "Nemec, Pavel"]
[Black "Rumsey, Victor B"]
[Result "1-0"]
[WhiteElo "2159"]
[BlackElo "1764"]
[PlyCount "0"]
[EventDate "2022.08.13"]
[EventRounds "9"]
[EventCountry "CZE"]

1. e4 e5 2. Nf3 {[%clk 1:30:29]} Nc6 {[%clk 1:30:30]} 3. Bb5 {[%clk 1:30:29]} a6
{[%clk 1:30:45]} 4. Ba4 {[%clk 1:30:51]} Nf6 {[%clk 1:31:31]} 5. Bxc6
{[%clk 1:30:22]} dxc6 {[%clk 1:20:11]} 6. d3 {[%clk 1:30:59]} Nd7 7. Nbd2
{[%clk 1:30:56]} Bd6 {[%clk 1:16:59]} 8. Nc4 {[%clk 1:30:35]} f6 {[%clk 1:15:05]}
9. Nh4 Nf8 10. O-O {[%clk 1:27:36]} Be6 {[%clk 1:11:33]} 11. Na5 {[%clk 1:23:53]}
b6 {[%clk 1:11:27]} 12. Nb7 {[%clk 1:21:28]} Qc8 {[%clk 1:10:17]} 13. Nxd6+
{[%clk 1:21:51]} cxd6 {[%clk 1:10:43]} 14. f4 {[%clk 1:14:42]} Qd7
{[%clk 0:56:15]} 15. f5 {[%clk 1:13:05]} Bf7 {[%clk 0:56:40]} 16. Be3
{[%clk 1:13:20]} c5 {[%clk 0:56:15]} 17. c4 {[%clk 1:13:07]} Rb8 {[%clk 0:47:02]}
18. g3 {[%clk 1:01:33]} Ke7 {[%clk 0:43:26]} 19. Qf3 {[%clk 1:00:47]} h6
{[%clk 0:42:52]} 20. Ng2 {[%clk 0:59:45]} Nh7 {[%clk 0:41:50]} 21. h4
{[%clk 0:56:38]} Rbg8 {[%clk 0:38:38]} 22. Kh2 {[%clk 0:51:57]} b5
{[%clk 0:30:25]} 23. b3 {[%clk 0:49:59]} a5 {[%clk 0:30:41]} 24. Bd2
{[%clk 0:49:17]} a4 {[%clk 0:30:39]} 25. Ne3 {[%clk 0:45:01]} Ra8
{[%clk 0:30:04]} 26. b4 {[%clk 0:43:36]} Rhc8 {[%clk 0:28:26]} 27. a3
{[%clk 0:39:02]} Ke8 {[%clk 0:21:36]} 28. Rac1 {[%clk 0:31:55]} Qb7
{[%clk 0:20:54]} 29. cxb5 {[%clk 0:32:11]} Qxb5 30. Nc4 {[%clk 0:26:29]} Ke7
{[%clk 0:18:37]} 31. bxc5 {[%clk 0:26:29]} dxc5 {[%clk 0:18:53]} 32. Rb1
{[%clk 0:26:46]} Bxc4 {[%clk 0:18:29]} 33. Rxb5 {[%clk 0:26:22]} Bxb5
{[%clk 0:18:54]} 34. Rb1 {[%clk 0:23:55]} Ba6 {[%clk 0:19:13]} 35. Be3
{[%clk 0:16:41]} Nf8 {[%clk 0:14:06]} 36. Qg4 {[%clk 0:09:08]} Kf7 37. Qd1
{[%clk 0:08:51]} Kg8 {[%clk 0:11:13]} 38. Qc2 {[%clk 0:06:32]} Nd7
{[%clk 0:02:44]} 39. Qa2+ {[%clk 0:04:53]} Kh8 {[%clk 0:02:21]} 40. Qe6 Rd8
{[%clk 0:27:28]} 41. Rd1 {[%clk 0:02:22]} Nf8 {[%clk 0:27:28]} 42. Qc6
{[%clk 0:32:29]} Rdc8 {[%clk 0:25:57]} 43. Qb6 {[%clk 0:31:22]} Nd7
{[%clk 0:23:07]} 44. Qd6 {[%clk 0:30:45]} Bb5 {[%clk 0:21:01]} 45. Rb1 Bc6
{[%clk 0:21:20]} 46. Qe6 {[%clk 0:25:04]} Nf8 {[%clk 0:18:00]} 47. Qf7
{[%clk 0:24:15]} Nd7 {[%clk 0:18:01]} 48. g4 {[%clk 0:24:22]} Rab8
{[%clk 0:13:16]} 49. Rxb8 {[%clk 0:24:30]} Rxb8 {[%clk 0:13:31]} 50. g5
{[%clk 0:24:50]} fxg5 {[%clk 0:13:44]} 51. hxg5 {[%clk 0:25:13]} hxg5
{[%clk 0:11:49]} 52. Bxg5 {[%clk 0:25:41]} Rf8 {[%clk 0:11:49]} 53. Qe6
{[%clk 0:25:19]} Bb5 {[%clk 0:12:03]} 54. Be7 {[%clk 0:23:34]} Re8
{[%clk 0:11:49]} 55. Qf7 {[%clk 0:23:52]}  1-0

[Event "Olomouc Chess Summer 2022 - D"]
[Site "Olomouc (CZE), Hotel Flora"]
[Date "2022.08.13"]
[Round "1"]
[Board "4"]
[White "Kasparek, Jiri"]
[Black "Sejkora, Vlastimil"]
[Result "0-1"]
[WhiteElo "1760"]
[BlackElo "2151"]
[PlyCount "0"]
[EventDate "2022.08.13"]
[EventRounds "9"]
[EventCountry "CZE"]

1. e4 {[%clk 1:30:55]} c6 {[%clk 1:30:51]} 2. d4 {[%clk 1:30:45]} d5
{[%clk 1:31:14]} 3. e5 {[%clk 1:30:11]} g6 {[%clk 1:31:24]} 4. h3
{[%clk 1:30:09]} Bg7 {[%clk 1:31:41]} 5. Bd3 {[%clk 1:29:44]} h5 {[%clk 1:31:01]}
6. Be3 {[%clk 1:29:44]} Nh6 {[%clk 1:30:10]} 7. Ne2 {[%clk 1:28:24]} Nf5
{[%clk 1:28:19]} 8. Bf4 {[%clk 1:26:38]} Qb6 {[%clk 1:27:56]} 9. c3
{[%clk 1:20:11]} Qxb2 {[%clk 1:26:03]} 10. Nd2 {[%clk 1:20:37]} Qb6
{[%clk 1:23:54]} 11. O-O {[%clk 1:20:31]} h4 {[%clk 1:24:03]} 12. Nf3
{[%clk 1:20:00]} Qd8 {[%clk 1:22:51]} 13. Qc2 {[%clk 1:18:15]} a5
{[%clk 1:17:56]} 14. a4 {[%clk 1:18:06]} Na6 {[%clk 1:18:15]} 15. Qb2
{[%clk 1:09:03]} Nc7 {[%clk 1:16:07]} 16. Bxf5 {[%clk 1:02:31]} Bxf5
{[%clk 1:05:37]} 17. Qxb7 {[%clk 1:02:25]} Bd3 {[%clk 0:59:40]} 18. Qxc6+
{[%clk 1:01:37]} Kf8 {[%clk 1:00:08]} 19. Rfe1 {[%clk 1:00:56]} Ra6
{[%clk 0:53:39]} 20. Qb7 {[%clk 0:58:30]} Ne6 {[%clk 0:45:50]} 21. Bg5
{[%clk 0:57:17]} Nxg5 {[%clk 0:36:48]} 22. Nxg5 {[%clk 0:53:28]} Bh6
{[%clk 0:37:07]} 23. Nf3 {[%clk 0:52:29]} Rb6 {[%clk 0:37:27]} 24. Qa7
{[%clk 0:52:21]} Rb2 {[%clk 0:37:25]} 25. Nc1 {[%clk 0:52:17]} Be4
{[%clk 0:26:43]} 26. Nh2 {[%clk 0:51:27]} Bd2 {[%clk 0:20:53]} 27. Rd1
{[%clk 0:51:39]} Qc8 {[%clk 0:15:28]} 28. Qxa5 {[%clk 0:47:52]} Qf5
{[%clk 0:15:44]} 29. Qd8+ {[%clk 0:42:57]} Kg7 {[%clk 0:16:09]} 30. Qxe7
{[%clk 0:43:11]} Bg5 {[%clk 0:16:32]}  0-1

[Event "Olomouc Chess Summer 2022 - D"]
[Site "Olomouc (CZE), Hotel Flora"]
[Date "2022.08.13"]
[Round "1"]
[Board "5"]
[White "Bartos, Jan"]
[Black "Barabas, Ales"]
[Result "1/2-1/2"]
[WhiteElo "2137"]
[BlackElo "1756"]
[PlyCount "0"]
[EventDate "2022.08.13"]
[EventRounds "9"]
[EventCountry "CZE"]

1. d4 {[%clk 1:30:57]} Nf6 {[%clk 1:30:49]} 2. c4 {[%clk 1:31:23]} g6
{[%clk 1:31:15]} 3. Nc3 {[%clk 1:31:47]} d5 {[%clk 1:31:39]} 4. Bg5
{[%clk 1:32:00]} dxc4 {[%clk 1:22:15]} 5. e4 {[%clk 1:26:20]} Bg7
{[%clk 1:20:38]} 6. Bxc4 {[%clk 1:26:11]} O-O {[%clk 1:17:20]} 7. e5
{[%clk 1:25:26]} Nfd7 {[%clk 1:16:41]} 8. Nd5 {[%clk 1:16:42]} Nc6
{[%clk 1:16:35]} 9. Nf3 {[%clk 1:16:48]} Nb6 {[%clk 1:14:09]} 10. Nxb6
{[%clk 1:17:10]} axb6 {[%clk 1:10:57]} 11. h3 {[%clk 1:15:10]} Bf5
{[%clk 1:02:19]} 12. O-O {[%clk 1:12:45]} Na5 {[%clk 0:55:58]} 13. Be2
{[%clk 1:12:01]} Nc6 {[%clk 0:49:12]} 14. Qd2 {[%clk 1:07:30]} Be4
{[%clk 0:42:56]} 15. Rfd1 {[%clk 1:06:02]} Bd5 {[%clk 0:41:37]} 16. b3
{[%clk 0:59:48]} Qd7 {[%clk 0:39:18]} 17. Qc3 {[%clk 0:58:53]} Rfd8
{[%clk 0:35:41]} 18. Bc4 {[%clk 0:55:23]} h6 {[%clk 0:33:15]} 19. Bxd5
{[%clk 0:54:37]} Qxd5 {[%clk 0:33:36]} 20. Be3 {[%clk 0:49:12]} Rd7
{[%clk 0:31:55]} 21. Rd2 {[%clk 0:48:44]} Rad8 {[%clk 0:29:27]} 22. Rc1
{[%clk 0:48:39]} Qa5 {[%clk 0:23:38]} 23. Qxa5 {[%clk 0:45:06]} bxa5
{[%clk 0:23:34]} 24. Rdc2 {[%clk 0:43:01]} Rd5 {[%clk 0:16:59]} 25. Kf1
{[%clk 0:37:02]} e6 {[%clk 0:16:11]} 26. Nd2 {[%clk 0:33:25]} Nxd4
{[%clk 0:09:30]} 27. Rxc7 {[%clk 0:33:29]} Bxe5 {[%clk 0:09:50]} 28. Rxb7
{[%clk 0:33:04]} Nf5 {[%clk 0:10:04]} 29. Nc4 {[%clk 0:31:40]} Bd4
{[%clk 0:05:07]} 30. Bxd4 {[%clk 0:19:48]} Rxd4 {[%clk 0:03:50]} 31. Ra7
{[%clk 0:19:45]} R8d5 {[%clk 0:03:42]} 32. Rxa5 {[%clk 0:19:20]} Rxa5
{[%clk 0:02:21]} 33. Nxa5 {[%clk 0:19:45]} Rd2 {[%clk 0:02:46]} 34. Ra1
{[%clk 0:19:38]} Nd6 {[%clk 0:02:58]} 35. Nc4 {[%clk 0:18:26]} Nxc4
{[%clk 0:03:22]} 36. bxc4 {[%clk 0:18:51]} Rc2 {[%clk 0:03:44]} 37. a4
{[%clk 0:19:17]} Rxc4 {[%clk 0:04:09]} 38. a5 {[%clk 0:19:44]} Rc7
{[%clk 0:03:45]} 39. a6 {[%clk 0:20:10]} Ra7 {[%clk 0:04:11]} 40. Ke2
{[%clk 0:20:35]} Kf8 {[%clk 0:04:17]} 41. Kd3 {[%clk 0:20:47]} Ke7
{[%clk 0:04:26]} 42. Kc4 {[%clk 0:21:02]} Kd7 {[%clk 0:03:31]} 43. Kb5
{[%clk 0:19:12]} Kc7 {[%clk 0:01:23]} 44. f4 {[%clk 0:16:16]} Kb8
{[%clk 0:29:18]} 45. Kb6 {[%clk 0:46:00]} Rd7 {[%clk 0:29:31]} 46. Rc1
{[%clk 0:45:39]} Rd6+ {[%clk 0:29:27]} 47. Rc6 {[%clk 0:46:03]} Rd8
{[%clk 0:29:15]} 48. g4 {[%clk 0:44:18]} g5 {[%clk 0:14:55]} 49. f5
{[%clk 0:42:38]} exf5 {[%clk 0:14:21]} 50. gxf5 {[%clk 0:43:01]} h5
{[%clk 0:14:34]} 51. Rf6 {[%clk 0:30:45]} g4 {[%clk 0:10:57]} 52. hxg4
{[%clk 0:30:30]} hxg4 {[%clk 0:11:25]} 53. Rxf7 {[%clk 0:30:00]} Rd6+
{[%clk 0:05:27]} 54. Kb5 {[%clk 0:29:54]} g3 {[%clk 0:05:34]} 55. Rb7+
{[%clk 0:22:16]} Ka8 {[%clk 0:04:17]} 56. Rg7 {[%clk 0:22:27]} Rf6
{[%clk 0:04:40]} 57. Rxg3 {[%clk 0:22:31]} Rxf5+ {[%clk 0:05:09]} 58. Kb6
{[%clk 0:22:51]} Rf6+ {[%clk 0:05:33]} 59. Kb5 {[%clk 0:22:27]} Rf5+
{[%clk 0:05:03]} 60. Kb6 {[%clk 0:22:53]}  1/2-1/2

[Event "Olomouc Chess Summer 2022 - D"]
[Site "Olomouc (CZE), Hotel Flora"]
[Date "2022.08.13"]
[Round "1"]
[Board "6"]
[White "Burda, Josef"]
[Black "Johnsen, Gunnar"]
[Result "1/2-1/2"]
[WhiteElo "1756"]
[BlackElo "2137"]
[PlyCount "0"]
[EventDate "2022.08.13"]
[EventRounds "9"]
[EventCountry "CZE"]

1. c4 {[%clk 1:30:56]} f5 {[%clk 1:30:42]} 2. d4 {[%clk 1:30:51]} e6
{[%clk 1:30:58]} 3. Nf3 {[%clk 1:30:31]} Nf6 {[%clk 1:31:20]} 4. g3
{[%clk 1:30:10]} d5 {[%clk 1:31:08]} 5. Bg2 {[%clk 1:29:42]} Be7 {[%clk 1:31:26]}
6. O-O {[%clk 1:29:00]} O-O {[%clk 1:31:48]} 7. b3 {[%clk 1:23:04]} Ne4
{[%clk 1:23:25]} 8. Qc2 {[%clk 1:13:54]} Nc6 {[%clk 1:16:32]} 9. Bb2
{[%clk 0:59:50]} a5 {[%clk 1:13:48]} 10. a3 {[%clk 0:52:57]} Bd7 {[%clk 1:10:37]}
11. Nc3 {[%clk 0:50:04]} Be8 {[%clk 1:10:02]} 12. cxd5 {[%clk 0:47:07]} exd5
{[%clk 1:10:12]} 13. e3 {[%clk 0:42:34]} Bf6 {[%clk 1:00:25]} 14. Rad1
{[%clk 0:39:26]} Ne7 {[%clk 0:53:20]} 15. Ne5 {[%clk 0:32:29]} c6
{[%clk 0:47:32]} 16. f3 {[%clk 0:31:30]} Nd6 {[%clk 0:35:25]} 17. e4
{[%clk 0:25:34]} fxe4 {[%clk 0:33:24]} 18. fxe4 {[%clk 0:25:55]} Bxe5
{[%clk 0:24:19]} 19. dxe5 {[%clk 0:26:08]} Qb6+ {[%clk 0:24:28]} 20. Kh1
{[%clk 0:25:19]} Rxf1+ {[%clk 0:22:50]} 21. Rxf1 {[%clk 0:25:03]} Nxe4
{[%clk 0:23:07]} 22. Nxe4 {[%clk 0:24:36]} dxe4 {[%clk 0:23:31]} 23. Bxe4
{[%clk 0:20:26]}  1/2-1/2

[Event "Olomouc Chess Summer 2022 - D"]
[Site "Olomouc (CZE), Hotel Flora"]
[Date "2022.08.13"]
[Round "1"]
[Board "7"]
[White "Lorenc, Oldrich"]
[Black "Zeman, Ladislav"]
[Result "1-0"]
[WhiteElo "2111"]
[BlackElo "1755"]
[PlyCount "0"]
[EventDate "2022.08.13"]
[EventRounds "9"]
[EventCountry "CZE"]

1. c4 {[%clk 1:30:44]} c5 2. g3 {[%clk 1:30:33]} Nf6 {[%clk 1:31:05]} 3. Bg2
{[%clk 1:30:50]} g6 {[%clk 1:31:17]} 4. Nc3 {[%clk 1:30:39]} Bg7 {[%clk 1:31:28]}
5. e3 {[%clk 1:30:27]} a6 {[%clk 1:17:43]} 6. Nge2 {[%clk 1:29:04]} O-O 7. O-O
Qc7 {[%clk 1:14:08]} 8. Nf4 {[%clk 1:22:43]} e6 {[%clk 1:13:14]} 9. Rb1
{[%clk 1:20:52]} Nc6 {[%clk 1:11:21]} 10. d4 {[%clk 1:19:31]} cxd4
{[%clk 1:05:55]} 11. exd4 {[%clk 1:19:53]} d6 {[%clk 1:05:59]} 12. b4
{[%clk 1:10:31]} Rb8 {[%clk 0:56:15]} 13. Be3 {[%clk 1:06:01]} Ne7
{[%clk 0:54:45]} 14. Qb3 {[%clk 1:01:42]} Nf5 {[%clk 0:52:41]} 15. Rfd1
{[%clk 0:56:18]} Nxe3 {[%clk 0:47:44]} 16. fxe3 {[%clk 0:56:38]} b6
{[%clk 0:45:26]} 17. Rbc1 {[%clk 0:54:34]} Bb7 {[%clk 0:44:25]} 18. d5
{[%clk 0:54:12]} e5 {[%clk 0:44:06]} 19. Nd3 {[%clk 0:45:04]} Bh6
{[%clk 0:42:00]} 20. Re1 {[%clk 0:45:20]} Bc8 {[%clk 0:42:01]} 21. h3
{[%clk 0:43:49]} Bf5 {[%clk 0:41:16]} 22. Nf2 {[%clk 0:43:53]} Rfc8
{[%clk 0:40:35]} 23. Ne2 {[%clk 0:41:46]} Qe7 {[%clk 0:36:21]} 24. Rc3
{[%clk 0:37:05]} a5 {[%clk 0:31:52]} 25. Rec1 {[%clk 0:30:44]} Qa7
{[%clk 0:26:52]} 26. Qa3 {[%clk 0:26:15]} Ra8 {[%clk 0:26:39]} 27. g4
{[%clk 0:22:28]} Bd7 {[%clk 0:26:26]} 28. bxa5 {[%clk 0:22:26]} bxa5
{[%clk 0:21:46]} 29. Qxd6 {[%clk 0:21:53]} Ne8 {[%clk 0:22:12]} 30. Qxe5
{[%clk 0:19:39]} Bg7 {[%clk 0:22:35]} 31. Qf4 {[%clk 0:19:52]} Bxc3
{[%clk 0:22:54]} 32. Rxc3 {[%clk 0:20:08]} Rab8 {[%clk 0:21:10]} 33. Ne4
{[%clk 0:17:39]} Rb2 {[%clk 0:20:56]} 34. Nd4 {[%clk 0:17:15]} Qc7
{[%clk 0:18:15]} 35. d6 {[%clk 0:16:54]} Qd8 {[%clk 0:18:44]} 36. c5
{[%clk 0:16:46]} Rxg2+ {[%clk 0:16:20]} 37. Kxg2 {[%clk 0:17:05]} Bc6
{[%clk 0:16:38]} 38. Nxc6 {[%clk 0:16:43]} Rxc6 {[%clk 0:17:03]} 39. Qe5
{[%clk 0:16:54]} Qa8 {[%clk 0:15:23]} 40. Qxe8+ {[%clk 0:15:47]} Qxe8
{[%clk 0:15:49]} 41. Nf6+ {[%clk 0:16:06]} Kf8 {[%clk 0:16:15]} 42. Nxe8
{[%clk 0:16:24]} Kxe8 {[%clk 0:16:40]} 43. Kf3 {[%clk 0:16:36]} Kd7
{[%clk 0:17:04]} 44. Ke4 {[%clk 0:16:59]} Ke6 {[%clk 0:17:26]} 45. Kd4
{[%clk 0:17:19]}  1-0

[Event "Olomouc Chess Summer 2022 - D"]
[Site "Olomouc (CZE), Hotel Flora"]
[Date "2022.08.13"]
[Round "1"]
[Board "8"]
[White "Kulhavy, Frantisek"]
[Black "Kubicek, Antonin"]
[Result "0-1"]
[WhiteElo "1755"]
[BlackElo "2084"]
[PlyCount "0"]
[EventDate "2022.08.13"]
[EventRounds "9"]
[EventCountry "CZE"]

1. e4 {[%clk 1:30:47]} g6 {[%clk 1:30:51]} 2. Nf3 {[%clk 1:28:59]} Bg7
{[%clk 1:31:07]} 3. Nc3 {[%clk 1:28:41]} d6 {[%clk 1:31:08]} 4. h3
{[%clk 1:27:29]} Nf6 {[%clk 1:30:47]} 5. Bc4 {[%clk 1:26:35]} O-O
{[%clk 1:30:31]} 6. d3 {[%clk 1:24:30]} c6 {[%clk 1:29:56]} 7. a4
{[%clk 1:20:38]} d5 {[%clk 1:24:24]} 8. exd5 {[%clk 1:16:18]} cxd5
{[%clk 1:24:34]} 9. Bb3 {[%clk 1:15:47]} d4 {[%clk 1:16:56]} 10. Ne2
{[%clk 1:15:28]} Nc6 {[%clk 1:17:00]} 11. O-O {[%clk 1:00:40]} Nd5
{[%clk 1:14:03]} 12. Nf4 {[%clk 0:55:17]} Nxf4 {[%clk 1:13:26]} 13. Bxf4
{[%clk 0:55:38]} e5 {[%clk 1:12:12]} 14. Bg5 {[%clk 0:52:07]} Qc7
{[%clk 1:09:35]} 15. Qd2 {[%clk 0:49:24]} Re8 {[%clk 1:08:54]} 16. Rfe1
{[%clk 0:48:20]} Be6 {[%clk 1:08:20]} 17. Bxe6 {[%clk 0:45:27]} Rxe6
{[%clk 1:08:46]} 18. Bh6 {[%clk 0:40:54]} f6 {[%clk 1:00:43]} 19. Bxg7
{[%clk 0:40:51]} Kxg7 {[%clk 1:00:38]} 20. Rac1 {[%clk 0:34:05]} Rd8
{[%clk 0:53:24]} 21. c3 {[%clk 0:31:08]} Qa5 {[%clk 0:50:13]} 22. cxd4
{[%clk 0:29:47]} Qxd2 {[%clk 0:50:33]} 23. Nxd2 {[%clk 0:30:10]} Rxd4
{[%clk 0:50:32]} 24. Nb3 {[%clk 0:29:51]} Rdd6 {[%clk 0:48:42]} 25. Rcd1
{[%clk 0:22:40]} Re8 {[%clk 0:44:33]} 26. d4 {[%clk 0:19:44]} Red8
{[%clk 0:37:09]} 27. Nc5 {[%clk 0:17:48]} Nxd4 {[%clk 0:37:15]} 28. Rxd4
{[%clk 0:14:24]} Rxd4 {[%clk 0:37:02]} 29. Ne6+ {[%clk 0:14:17]} Kf7
{[%clk 0:37:25]} 30. Nxd8+ {[%clk 0:14:29]} Rxd8 {[%clk 0:37:51]} 31. Rc1
{[%clk 0:14:00]} Ke6 {[%clk 0:37:27]} 32. Kf1 {[%clk 0:13:11]} Rd2
{[%clk 0:36:47]} 33. b4 {[%clk 0:08:43]} Rd4 {[%clk 0:34:37]} 34. Rb1
{[%clk 0:08:23]} Kd5 {[%clk 0:34:02]} 35. Ke2 {[%clk 0:08:39]} Kc4
{[%clk 0:33:05]} 36. b5 {[%clk 0:04:59]} Kc5 {[%clk 0:31:20]} 37. Rc1+
{[%clk 0:01:16]} Rc4 {[%clk 0:26:17]} 38. Ra1 {[%clk 0:01:10]} Kb6
{[%clk 0:25:52]} 39. Kd3 {[%clk 0:01:29]} Rf4 {[%clk 0:26:05]} 40. Ra2
{[%clk 0:00:35]} Ka5 {[%clk 0:26:09]} 41. Kc3 {[%clk 0:24:00]} Rxa4
{[%clk 0:55:43]} 42. Rb2 {[%clk 0:24:26]} Kb6 {[%clk 0:55:03]} 43. g3
{[%clk 0:17:54]} Rd4 {[%clk 0:55:01]} 44. f4 {[%clk 0:17:27]} Rd5
{[%clk 0:55:13]} 45. Kc4 {[%clk 0:17:46]} Rc5+  0-1

[Event "Olomouc Chess Summer 2022 - D"]
[Site "Olomouc (CZE), Hotel Flora"]
[Date "2022.08.13"]
[Round "1"]
[Board "9"]
[White "Krejci, Jan"]
[Black "Rehak, Jiri"]
[Result "1-0"]
[WhiteElo "2055"]
[BlackElo "1749"]
[PlyCount "0"]
[EventDate "2022.08.13"]
[EventRounds "9"]
[EventCountry "CZE"]

1. Nf3 {[%clk 1:30:55]} b6 {[%clk 1:30:52]} 2. d4 {[%clk 1:30:55]} Bb7
{[%clk 1:31:06]} 3. g3 {[%clk 1:31:03]} Nf6 {[%clk 1:30:33]} 4. Bg2
{[%clk 1:31:09]} g6 {[%clk 1:30:17]} 5. O-O {[%clk 1:30:55]} Bg7 {[%clk 1:30:46]}
6. c4 {[%clk 1:31:12]} O-O {[%clk 1:30:09]} 7. Nc3 {[%clk 1:31:28]} d6
{[%clk 1:29:19]} 8. Re1 {[%clk 1:31:07]} Nbd7 {[%clk 1:21:59]} 9. b3
{[%clk 1:25:25]} c5 {[%clk 1:19:09]} 10. e4 {[%clk 1:20:17]} cxd4
{[%clk 1:11:28]} 11. Nxd4 {[%clk 1:20:25]} Nc5 {[%clk 1:10:06]} 12. Bb2
{[%clk 1:19:18]} Qc8 {[%clk 1:07:24]} 13. Rc1 {[%clk 1:12:51]} Ne6
{[%clk 1:04:02]} 14. Nd5 {[%clk 1:08:10]} Qd8 {[%clk 0:58:38]} 15. Nxe6
{[%clk 1:04:59]} fxe6 {[%clk 0:59:03]} 16. Nf4 {[%clk 1:05:11]} Bc8
{[%clk 0:57:13]} 17. e5 {[%clk 1:04:43]} dxe5 {[%clk 0:56:34]} 18. Bxe5
{[%clk 1:04:31]} g5 {[%clk 0:51:17]} 19. Bxa8 {[%clk 1:03:56]} gxf4
{[%clk 0:51:39]} 20. Bxf4 {[%clk 1:04:00]} Qxd1 {[%clk 0:49:59]} 21. Rcxd1
{[%clk 1:04:15]} Ba6 {[%clk 0:39:26]} 22. Bg2 {[%clk 0:59:19]} Kf7
{[%clk 0:39:50]} 23. Bh3 {[%clk 0:58:16]} Bc8 {[%clk 0:40:12]} 24. Rd3
{[%clk 0:55:44]} Nh5 {[%clk 0:37:15]} 25. Bb8 {[%clk 0:54:50]} a6
{[%clk 0:36:13]} 26. Ba7 {[%clk 0:54:26]} b5 {[%clk 0:36:27]} 27. c5
{[%clk 0:53:58]} Bf6 {[%clk 0:35:49]} 28. c6 {[%clk 0:54:04]} e5 {[%clk 0:35:06]}
29. Bxc8 {[%clk 0:54:10]} Rxc8 {[%clk 0:35:35]} 30. Rc1 {[%clk 0:54:19]} Ng7
{[%clk 0:35:45]} 31. c7 {[%clk 0:53:27]} Ne6 {[%clk 0:36:01]} 32. Bb6
{[%clk 0:52:59]} Nd4 {[%clk 0:35:55]} 33. Kg2 {[%clk 0:52:21]} Ke8
{[%clk 0:25:38]} 34. f4 {[%clk 0:51:56]} Ne6 {[%clk 0:25:56]} 35. Rd8+  1-0

[Event "Olomouc Chess Summer 2022 - D"]
[Site "Olomouc (CZE), Hotel Flora"]
[Date "2022.08.13"]
[Round "1"]
[Board "10"]
[White "Lexa, Vaclav"]
[Black "Mlynek, Petr"]
[Result "1-0"]
[WhiteElo "1741"]
[BlackElo "2047"]
[PlyCount "0"]
[EventDate "2022.08.13"]
[EventRounds "9"]
[EventCountry "CZE"]

1. d4 {[%clk 1:30:58]} d5 {[%clk 1:30:48]} 2. c4 {[%clk 1:31:08]} c6
{[%clk 1:31:10]} 3. Nc3 {[%clk 1:31:11]} e6 {[%clk 1:31:25]} 4. Bf4
{[%clk 1:30:56]} dxc4 {[%clk 1:31:29]} 5. a4 {[%clk 1:31:03]} Bb4
{[%clk 1:31:32]} 6. e3 {[%clk 1:30:39]} b5 {[%clk 1:31:31]} 7. axb5
{[%clk 1:27:12]} cxb5 {[%clk 1:31:45]} 8. Qf3 {[%clk 1:26:00]} Qd5
{[%clk 1:25:40]} 9. Qg3 {[%clk 1:24:58]} Ne7 {[%clk 1:23:29]} 10. Bxb8
{[%clk 1:23:27]} O-O {[%clk 1:23:32]} 11. Bf4 {[%clk 1:17:05]} Bb7
{[%clk 1:22:29]} 12. Qf3 {[%clk 1:12:14]} Qd7 {[%clk 1:22:33]} 13. Qd1
{[%clk 1:09:17]} Nd5 {[%clk 1:22:01]} 14. Nge2 {[%clk 1:09:26]} f6
{[%clk 1:20:56]} 15. Bg3 {[%clk 1:00:19]} a5 {[%clk 1:18:08]} 16. e4
{[%clk 0:57:00]} Nb6 {[%clk 1:18:02]} 17. f3 {[%clk 0:56:10]} f5 {[%clk 1:17:48]}
18. Qc2 {[%clk 0:45:24]} fxe4 {[%clk 1:16:07]} 19. fxe4 {[%clk 0:44:32]} a4
{[%clk 1:16:04]} 20. Bf4 {[%clk 0:37:18]} e5 {[%clk 1:09:56]} 21. Bxe5
{[%clk 0:33:53]} Qg4 {[%clk 1:09:32]} 22. Ng3 {[%clk 0:28:20]} a3
{[%clk 1:04:21]} 23. bxa3 {[%clk 0:26:33]} Bxe4 {[%clk 1:03:49]} 24. Ngxe4
{[%clk 0:22:16]} Nd5 {[%clk 1:02:30]} 25. Bd6 {[%clk 0:11:47]} Nxc3
{[%clk 0:59:34]} 26. Bxb4 {[%clk 0:11:10]} Nxe4 {[%clk 0:58:48]} 27. Bxf8
{[%clk 0:10:33]} Rxf8 {[%clk 0:59:05]} 28. Be2 {[%clk 0:06:57]} Qxg2
{[%clk 0:59:14]} 29. Bxc4+  1-0